Fisheries oceanography and ecology (Record no. 9667)

000 -LEADER
fixed length control field 00246nam a22001217a 4500
040 ## - CATALOGING SOURCE
Transcribing agency SK
082 ## - DEWEY DECIMAL CLASSIFICATION NUMBER
Classification number 639
100 ## - MAIN ENTRY--AUTHOR NAME
Personal name TAIVO LAEVASTU
245 ## - TITLE STATEMENT
Title Fisheries oceanography and ecology
260 ## - PUBLICATION, DISTRIBUTION, ETC. (IMPRINT)
Place of publication USA
Name of publisher TAI
Year of publication 1981
300 ## - PHYSICAL DESCRIPTION
Number of Pages 199p.
942 ## - ADDED ENTRY ELEMENTS (KOHA)
Koha item type សៀវភៅភាសាអង់គ្លេស
952 ## - LOCATION AND ITEM INFORMATION (KOHA)
Withdrawn status [LOCAL, KOHA] 0
952 ## - LOCATION AND ITEM INFORMATION (KOHA)
Withdrawn status [LOCAL, KOHA] 0
952 ## - LOCATION AND ITEM INFORMATION (KOHA)
Withdrawn status [LOCAL, KOHA] 0
Holdings
Permanent Location Date acquired Koha item type Lost status Shelving location Barcode Current Location Full call number
Library Block C2016-09-06សៀវភៅភាសាអង់គ្លេស C237RUA045247Library Block C639 TAI 1981 C237
Library Block C2016-09-15សៀវភៅភាសាអង់គ្លេស C258RUA046042Library Block C639 NA NA C258
Library Block C2016-10-14សៀវភៅភាសាអង់គ្លេស C252RUA045551Library Block C639 TAI 1981 C252
មជ្ឈមណ្ឌលឯការនៃសាកលវិទ្យាល័យភូមិន្ទកសិកម្មចំការដូង

Powered by Koha